Načítá se...

Inside tcp/ip

Podrobná bibliografie
Hlavní autor: Mathew Flint Arnett
Médium: Printed Book
Jazyk:English
Vydáno: NewRiders 1995
LEADER 00568nam a2200217 a 4500
001 CS96000001
003 imported from koha2.9 by LV-686
005 20160322165104.0
008 960221s1955 dcuabcdjdbkoqu001 0deng d
040 |c S 
245 |a Inside tcp/ip 
100 |a Mathew Flint Arnett 
500
942 |c BK  |6 _ 
020 |a 1-56205-450-3 
260 |b NewRiders  |c 1995 
300 |a 582 
082 |a 004.738.5 
250
999 |c 153730  |d 153730 
952 |0 0  |1 0  |4 0  |6 0047385_  |7 0  |9 201498  |a DCS  |b DCS  |d 2013-09-07  |o 004.738.5  |p MCS02438  |r 2013-09-07  |w 0000-00-00  |y BK